<Die> Verantwortung für eine stabile Währung.

Zodpovednosť Nemeckej spolkovej banky (Deutsche Bundesbank) za stabilitu meny. Emisná banka ako sila, vnášajúca systém do peňažného hospodárstva. Nemecká marka v európskych integračných procesoch. Štát a spolková banka ako nositelia hospodárskej politiky. Priority finančnej politiky. Emisná banka ak...

Ausführliche Beschreibung

Gespeichert in:
Bibliographische Detailangaben
1. Verfasser: Schmidt, A.
Format: Buchkapitel
Sprache:Deutsch
Schlagworte:
Tags: Tag hinzufügen
Keine Tags, Fügen Sie das erste Tag hinzu!

MARC

LEADER 00000naa a2200000 4500
001 r011465
005 20221208123509.6
041 0 |a ger 
044 |a DE 
245 1 0 |a <Die> Verantwortung für eine stabile Währung.  |c A. Schmidt 
520 |a Zodpovednosť Nemeckej spolkovej banky (Deutsche Bundesbank) za stabilitu meny. Emisná banka ako sila, vnášajúca systém do peňažného hospodárstva. Nemecká marka v európskych integračných procesoch. Štát a spolková banka ako nositelia hospodárskej politiky. Priority finančnej politiky. Emisná banka ako normotvorná inštancia. 
610 2 0 |a stabilita meny 
610 2 0 |a banky emisné 
610 2 0 |a Nemecko 
610 2 0 |a hospodárstvo peňažné 
610 2 0 |a marka 
610 2 0 |a integrácia 
610 2 0 |a Európa 
610 2 0 |a štát 
610 2 0 |a politika hospodárska 
610 2 0 |a politika finančná 
610 2 0 |a tvorba noriem 
100 1 |a Schmidt, A.